Honor Among Nations: Enforcing the "Gentlemen's Agreement" on Export Credits (Record no. 1913)

MARC details
000 -LEADER
fixed length control field 00490nam a22001937i 4500
001 - CONTROL NUMBER
control field 1934
003 - CONTROL NUMBER IDENTIFIER
control field OSt
005 - DATE AND TIME OF LATEST TRANSACTION
control field 20170126082301.0
007 - PHYSICAL DESCRIPTION FIXED FIELD--GENERAL INFORMATION
fixed length control field tu
008 - FIXED-LENGTH DATA ELEMENTS--GENERAL INFORMATION
fixed length control field 161220s1986 xxu||||| |||| 00| 0 d
024 7# - OTHER STANDARD IDENTIFIER
Standard number or code 1933
Source of number or code RID
040 ## - CATALOGING SOURCE
Transcribing agency OSt
084 ## - OTHER CLASSIFICATION NUMBER
Classification number 11.352
-- 11.71
Number source z
100 1# - MAIN ENTRY--PERSONAL NAME
Personal name Kohler, Daniel F.
245 00 - TITLE STATEMENT
Title Honor Among Nations: Enforcing the "Gentlemen's Agreement" on Export Credits
260 ## - PUBLICATION, DISTRIBUTION, ETC.
Place of publication, distribution, etc. Santa Monica :
Name of publisher, distributor, etc. Rand,
Date of publication, distribution, etc. 1986.
300 ## - PHYSICAL DESCRIPTION
Extent 31 S. ;
Dimensions 30cm.
700 1# - ADDED ENTRY--PERSONAL NAME
Personal name Reuter, Peter H.
942 ## - ADDED ENTRY ELEMENTS (KOHA)
Koha item type Book
Holdings
Withdrawn status Lost status Damaged status Not for loan Home library Current library Shelving location Date acquired Inventory number Total Checkouts Full call number Barcode Date last seen Price effective from Koha item type
        WIIW WIIW Souterrain 02/17/1995 1934   II-4.698 301932 01/26/2017 01/26/2017 Book
The Vienna Instiute for International Economic Studies (wiiw)